00450cam a2200145 a 4500020001500000040000800015082002600023245007400049260005200123300004100175650001300216650002800229650002800257700001900285 a9744800674 cDLC a333 WHI 2005 A068 Co.10aParticipatory approaches for sustainable land use in Southeast Asia / aBangkok, Thailand :bWhite Lotus Press,cc2005. axvii, 411 p. :bill., maps ;c21 cm. 0aLand use 0aSustainable development 0aSustainable agriculture1 aNeef, Andreas,